<?xml version="1.0" encoding="UTF-8"?>
<collection xmlns="http://www.loc.gov/MARC21/slim">
 <record>
  <leader>01516nam a2200217Ia 4500</leader>
  <controlfield tag="001">CTU_238701</controlfield>
  <controlfield tag="008">210402s9999    xx            000 0 und d</controlfield>
  <datafield tag="020" ind1=" " ind2=" ">
   <subfield code="c">154000</subfield>
  </datafield>
  <datafield tag="082" ind1=" " ind2=" ">
   <subfield code="a">650.1</subfield>
  </datafield>
  <datafield tag="082" ind1=" " ind2=" ">
   <subfield code="b">G142</subfield>
  </datafield>
  <datafield tag="100" ind1=" " ind2=" ">
   <subfield code="a">Gaines, Chip</subfield>
  </datafield>
  <datafield tag="245" ind1=" " ind2="0">
   <subfield code="a">Đừng bao giờ từ bỏ giấc mơ :</subfield>
  </datafield>
  <datafield tag="245" ind1=" " ind2="0">
   <subfield code="b">Những điều thông thái tôi học được trong kinh doanh và cuộc sống = Capital Gaines : smart things I learned doing stupid stuff</subfield>
  </datafield>
  <datafield tag="245" ind1=" " ind2="0">
   <subfield code="c">Chip Gaines ; Nguyệt Minh (dịch)</subfield>
  </datafield>
  <datafield tag="260" ind1=" " ind2=" ">
   <subfield code="a">Hà Nội</subfield>
  </datafield>
  <datafield tag="260" ind1=" " ind2=" ">
   <subfield code="b">Hồng Đức</subfield>
  </datafield>
  <datafield tag="260" ind1=" " ind2=" ">
   <subfield code="c">2019</subfield>
  </datafield>
  <datafield tag="520" ind1=" " ind2=" ">
   <subfield code="a">Cuốn sách kể về những điều mắt thấy tai nghe của tác giả, những điều rút ra từ cuộc sống của ông và vợ mình cũng như những người xung quanh. Cuốn sách bày tỏ quan điểm của Chip về việc theo đuổi giấc mơ thông qua hành trình vợ chồng ông gây dựng lại cửa hàng, phát triển doanh nghiệp giữa khó khăn chồng chất. Những thành quả đầu tiên khi mở cửa hàng, khi bắt đầu bán trực tuyến,… trở thành những động lực rất lớn để Chip và vợ gây dựng những thành tựu tiếp theo.</subfield>
  </datafield>
  <datafield tag="650" ind1=" " ind2=" ">
   <subfield code="a">Conduct of life,Ứng xử của cuộc sống</subfield>
  </datafield>
  <datafield tag="904" ind1=" " ind2=" ">
   <subfield code="i">Hải</subfield>
  </datafield>
  <datafield tag="980" ind1=" " ind2=" ">
   <subfield code="a">Trung tâm Học liệu Trường Đại học Cần Thơ</subfield>
  </datafield>
 </record>
</collection>
